000 00384nam a22001457a 4500
020 _a13-5000-0609
082 _a894.812.3
_bKRI/A
100 _aKRISHNAKUMAR S
245 _aARABIKATHAKAL
_bAYIRATHONNU RAVUKALIL NINNU THEREJEDUTHA KATHAKAL
250 _a13
260 _aTHRISSUR
_bH&C PUBLISHING HOUSE
_c2009
300 _a128
650 _aMALAYALAM SHORT STOTY
_zKERALA
942 _cBK
999 _c1215
_d1215